[Event "SVR-op"]
[Site "Heimbach Weis"]
[Date "2017.04.09"]
[Round "3"]
[White "Englert, Georg"]
[Black "Klinkner, Collin"]
[Result "1-0"]
[WhiteElo "1039"]
[BlackElo "817"]
[PlyCount "85"]
[EventDate "2017.04.08"]
[EventType "swiss"]
[EventRounds "7"]
[EventCountry "GER"]
[SourceTitle "EXT 2020"]
[Source "ChessBase"]
[SourceDate "2019.10.17"]
[SourceVersion "1"]
[SourceVersionDate "2019.10.17"]
[SourceQuality "1"]

1. e4 c5 2. Nf3 Nc6 3. Bc4 e6 4. a3 a5 5. Nc3 Be7 6. d3 d6 7. Be3 Nf6 8. d4 b6 9. d5 Ne5 10. Nxe5 dxe5 11. 0-0 Bb7 12. Qd2 0-0 13. Rad1 Bd6 14. Qd3 Qd7 15. dxe6 fxe6 16. Qxd6 Qxd6 17. Rxd6 Bxe4 18. Rxe6 Kh8 19. Nxe4 Nxe4 20. Rxe5 Nd6 21. Bb3 c4 22. Ba2 b5 23. Bc5 Nf7 24. Re7 Rac8 25. Bb6 Ra8 26. b3 a4 27. bxc4 Ra6 28. c5 Nd8 29. Rfe1 h6 30. c4 Nc6 31. Re8 Rxe8 32. Rxe8+ Kh7 33. Bb1+ g6 34. Re6 Nd4 35. Bxg6+ Kg8 36. Rd6 Nc2 37. Bxc2 Ra8 38. Bd3 Rc8 39. c6 Kf7 40. c7 Ke8 41. g3 h5 42. Bf5 Ra8 43. c8Q+ 1-0